Catalog

Record Details

Catalog Search



Searching for paradise  Cover Image DVD DVD

Searching for paradise / Luxmundi Productions presents a Charny/Grillo production in association with Centre Street and Grande Capo, written & directed by Myra Paci.

Charny, Ruth. (Added Author). Grillo, Janet. (Added Author). Paci, Myra. (Added Author). Pratt, Susan May. (Added Author). Noth, Chris, 1954- (Added Author). Davies, Jeremy, 1969- (Added Author). Pierson, John, 1954- (Added Author). Placido, Michele. (Added Author). Robins, Laila, 1959- (Added Author). Sommer, M. Josef. (Added Author). Wilson, Mary Louise. (Added Author). Maniaci, Teodoro. (Added Author). Sisul, Beatrice. (Added Author). Lee, Robin. (Added Author). Burwell, Carter. (Added Author). Holden, Sarah. (Added Author). Goldman, Dina. (Added Author). Luxmundi Productions. (Added Author). Centre Street (Firm) (Added Author). Grande Capo (Firm) (Added Author). Sundance Channel Home Entertainment (Firm) (Added Author). Showtime Entertainment. (Added Author). Susan May Pratt, Chris Noth, Jeremy Davies, John Pierson, Michele Placido, Laila Robins, Josef Sommer, Mary Louise Wilson. (Cast).

Summary:

When Gilda's father dies, she is left with nothing but her video camera, her father's secrets, and a fascination with movie star Michael DeSantis. Using her camera as a diary, and propelled by grief and anger, she sets off for an adventure in New York City. Ultimately, she finds herself right in the middle of her movie star fantasies.

Record details

  • ISBN: 9781932228632
  • ISBN: 1932228632
  • Physical Description: 1 videodisc (88 min.) : sound, color ; 4 3/4 in.
  • Edition: Widescreen version.
  • Publisher: Los Angeles, CA : Showtime Entertainment, [2003], ©2001.

Content descriptions

General Note:
Sundance channel Home Entertainment ; producers, Ruth Charny, Janet Grillo
Special features: "Afterthought" and director's commentary; cast interviews; "snapshot diaries" from the Sundance Film Festival.
Creation/Production Credits Note:
Director of photography, Teodoro Maniaci ; editors, Beatrice Sisul, Robin Lee ; original music composer, Carter Burwell ; costume designer, Sarah Holden ; production designer, Dina Goldman.
Participant or Performer Note:
Susan May Pratt, Chris Noth, Jeremy Davies, John Pierson, Michele Placido, Laila Robins, Josef Sommer, Mary Louise Wilson.
Target Audience Note:
MPAA rating: R; for language, sexuality and some drug use.
Language Note:
Closed-captioned.
Awards Note:
Milan International Film Festival, 2002: Best Actress (Susan May Pratt).
Subject: Women > Sexual behavior > Drama.
Actors > United States > Drama.
Man-woman relationships > Drama.
Genre: Feature films.
Video recordings for the hearing impaired.

LDR 03246cgm a2200721Ia 4500
001147834
003CONS
00520181002065302.0
007vd cvaizu
008030703s2003 cau088 e vleng d
020 . ‡a9781932228632
020 . ‡a1932228632
02410. ‡a758445902020
02842. ‡aSHO9020 ‡bShowtime Entertainment
035 . ‡a(CPomAG)LMN607474
043 . ‡an-us---
050 4. ‡aPN1997 ‡b.S437 2003
08204. ‡a791.43/72 ‡222
24500. ‡aSearching for paradise / ‡cLuxmundi Productions presents a Charny/Grillo production in association with Centre Street and Grande Capo, written & directed by Myra Paci.
250 . ‡aWidescreen version.
260 . ‡aLos Angeles, CA : ‡bShowtime Entertainment, ‡c[2003], ©2001.
300 . ‡a1 videodisc (88 min.) : ‡bsound, color ; ‡c4 3/4 in.
336 . ‡atwo-dimensional moving image ‡btdi ‡2rdacontent
337 . ‡avideo ‡bv ‡2rdamedia
338 . ‡avideodisc ‡bvd ‡2rdacarrier
500 . ‡aSundance channel Home Entertainment ; producers, Ruth Charny, Janet Grillo
500 . ‡aSpecial features: "Afterthought" and director's commentary; cast interviews; "snapshot diaries" from the Sundance Film Festival.
508 . ‡aDirector of photography, Teodoro Maniaci ; editors, Beatrice Sisul, Robin Lee ; original music composer, Carter Burwell ; costume designer, Sarah Holden ; production designer, Dina Goldman.
5111 . ‡aSusan May Pratt, Chris Noth, Jeremy Davies, John Pierson, Michele Placido, Laila Robins, Josef Sommer, Mary Louise Wilson.
520 . ‡aWhen Gilda's father dies, she is left with nothing but her video camera, her father's secrets, and a fascination with movie star Michael DeSantis. Using her camera as a diary, and propelled by grief and anger, she sets off for an adventure in New York City. Ultimately, she finds herself right in the middle of her movie star fantasies.
5218 . ‡aMPAA rating: R; for language, sexuality and some drug use.
546 . ‡aClosed-captioned.
586 . ‡aMilan International Film Festival, 2002: Best Actress (Susan May Pratt).
650 0. ‡aWomen ‡xSexual behavior ‡vDrama.
650 0. ‡aActors ‡zUnited States ‡vDrama.
650 0. ‡aMan-woman relationships ‡vDrama.
655 7. ‡aFeature films. ‡2lcgft
655 7. ‡aVideo recordings for the hearing impaired. ‡2lcgft
7001 . ‡aCharny, Ruth.
7001 . ‡aGrillo, Janet.
7001 . ‡aPaci, Myra.
7001 . ‡aPratt, Susan May.
7001 . ‡aNoth, Chris, ‡d1954-
7001 . ‡aDavies, Jeremy, ‡d1969-
7001 . ‡aPierson, John, ‡d1954-
7001 . ‡aPlacido, Michele.
7001 . ‡aRobins, Laila, ‡d1959-
7001 . ‡aSommer, M. Josef.
7001 . ‡aWilson, Mary Louise.
7001 . ‡aManiaci, Teodoro.
7001 . ‡aSisul, Beatrice.
7001 . ‡aLee, Robin.
7001 . ‡aBurwell, Carter.
7001 . ‡aHolden, Sarah.
7001 . ‡aGoldman, Dina.
7102 . ‡aLuxmundi Productions.
7102 . ‡aCentre Street (Firm)
7102 . ‡aGrande Capo (Firm)
7102 . ‡aSundance Channel Home Entertainment (Firm)
7102 . ‡aShowtime Entertainment.
914 . ‡aSCP_kt
959 . ‡i32269001071656 ‡lDVD Sea ‡aAdult - DVD ‡tDVD ‡g15.00
852 . ‡p32269001071656 ‡jDVD Sea ‡gAdult - DVD ‡cDVD ‡y15.00 ‡bSBPL
901 . ‡a147834 ‡bUnknown ‡c147834 ‡tbiblio

Additional Resources